Nba 2ème des Mvp - Statistiques

Statistiques générales
  • Ce quiz a été pris 332 fois
    94 depuis la dernière actualisation
  • Le résultat moyen est 35 sur 69
Statistiques - réponses
Année Mvp 2ème 3ème % Correct
2005 Steve Nash Lebron James Dirk Nowitzki
81%
2013 Kevin Durant Lebron James Blake Griffin
81%
2017 James Harden Lebron James Anthony Davis
81%
2019 Giannis Antetokounmpo Lebron James James Harden
81%
2014 Stephen Curry James Harden Lebron James
78%
2016 Russell Westbrook James Harden Kawhi Leonard
78%
2018 Giannis Antetokounmpo James Harden Paul George
78%
2008 Lebron James Kobe Bryant Dwyane Wade
76%
2020 Nikola Jokic Joel Embiid Stephen Curry
74%
2021 Nikola Jokic Joel Embiid Giannis Antetokounmpo
74%
1984 Larry Bird Magic Johnson Moses Malone
72%
1990 Michael Jordan Magic Johnson David Robinson
72%
2022 Joel Embiid Nikola Jokic Giannis Antetokounmpo
72%
1980 Julius Erving Larry Bird Kareem Abdul-Jabbar
70%
1981 Moses Malone Larry Bird Julius Erving
70%
1982 Moses Malone Larry Bird Magic Johnson
70%
1987 Michael Jordan Larry Bird Magic Johnson
70%
1986 Magic Johnson Michael Jordan Larry Bird
70%
1988 Magic Johnson Michael Jordan Karl Malone
70%
1996 Karl Malone Michael Jordan Grant Hill
70%
1958 Bob Pettit Bill Russell Elgin Baylor
65%
1959 Wilt Chamberlain Bill Russell Bob Pettit
65%
1972 Dave Cowens Kareem Abdul-Jabbar Tiny Archibald
65%
1997 Michael Jordan Karl Malone Gary Payton
65%
2009 Lebron James Kevin Durant Kobe Bryant
65%
2011 Lebron James Kevin Durant Chris Paul
65%
2012 Lebron James Kevin Durant Carmelo Anthony
65%
1961 Bill Russell Wilt Chamberlain Oscar Robertson
65%
1962 Bill Russell Wilt Chamberlain Oscar Robertson
65%
1963 Oscar Robertson Wilt Chamberlain Bill Russell
65%
1994 David Robinson Shaquille O'Neal Karl Malone
64%
2004 Steve Nash Shaquille O'Neal Dirk Nowitzki
64%
2023 Nikola Jokic Shai Gilgeous-Alexander Luka Doncic
62%
2000 Allen Iverson Tim Duncan Shaquille O'Neal
59%
2003 Kevin Garnett Tim Duncan Jermaine O'Neal
59%
1999 Shaquille O'Neal Kevin Garnett Alonzo Mourning
57%
2002 Tim Duncan Kevin Garnett Kobe Bryant
57%
1992 Charles Barkley Hakeem Olajuwon Michael Jordan
51%
1993 Hakeem Olajuwon David Robinson Scottie Pippen
50%
1995 Michael Jordan David Robinson Anfernee Hardaway
50%
2006 Dirk Nowitzki Steve Nash Kobe Bryant
50%
1956 Bob Cousy Bob Pettit Paul Arizin
49%
1960 Bill Russell Bob Pettit Elgin Baylor
49%
1965 Wilt Chamberlain Jerry West Oscar Robertson
46%
1970 Kareem Abdul-Jabbar Jerry West Dave Bing
46%
1971 Kareem Abdul-Jabbar Jerry West Wilt Chamberlain
46%
2007 Kobe Bryant Chris Paul Kevin Garnett
45%
1979 Kareem Abdul-Jabbar Julius Erving George Gervin
45%
1964 Bill Russell Oscar Robertson Jerry West
45%
1973 Kareem Abdul-Jabbar Bob McAdoo Bob Lanier
41%
1975 Kareem Abdul-Jabbar Bob McAdoo Dave Cowens
41%
1976 Kareem Abdul-Jabbar Bill Walton Pete Maravich
36%
2015 Stephen Curry Kawhi Leonard Lebron James
36%
1977 Bill Walton George Gervin David Thompson
27%
1978 Moses Malone George Gervin Elvin Hayes
27%
2010 Derrick Rose Dwight Howard Lebron James
24%
2001 Tim Duncan Jason Kidd Shaquille O'Neal
24%
1974 Bob McAdoo Dave Cowens Elvin Hayes
23%
1998 Karl Malone Alonzo Mourning Tim Duncan
22%
1955 Bob Pettit Paul Arizin Bob Cousy
18%
1991 Michael Jordan Clyde Drexler David Robinson
16%
1968 Wes Unseld Wilis Reed Billy Cunningham
14%
1969 Wilis Reed Wilis Reed Billy Cunningham
14%
1985 Larry Bird Dominique Wilkins Magic Johnson
11%
1957 Bill Russell Dolph Schayes George Yardley
7%
1989 Magic Johnson Charles Barkely Michael Jordan
5%
1983 Larry Bird Bernard King Magic Johnson
4%
1967 Wilt Chamberlain Lenny Wilkens Elgin Baylor
4%
1966 Wilt Chamberlain Nate Thurmond Bill Russell
3%
Aucun quiz correspondant
Distribution des résultats
% des personnes avec chaque résultat
Percentile par nombre de réponses
Votre historique - résultats
Vous n’avez pas pris ce quiz depuis la dernière actualisation